| 000 | 00432nam a2200193Ia 4500 | ||
|---|---|---|---|
| 003 | OSt | ||
| 005 | 20230516132707.0 | ||
| 008 | 210210b xxu||||| |||| 00| 0 eng d | ||
| 040 | _cAL | ||
| 041 | _aLatin | ||
| 082 | _a430/44 | ||
| 100 |
_a- _9105201 |
||
| 245 | _aLatin unseens in prose and verse (Senior Section) | ||
| 260 | _bNot Mentioned | ||
| 300 | _a48 | ||
| 650 |
_averse _9105202 |
||
| 906 | _a006186 | ||
| 942 |
_2ddc _cBK |
||
| 999 |
_c128414 _d128414 |
||